Diaspora-Cuba - Statistics

General Stats
  • This quiz has been taken 233 times
  • The average score is 8 of 10
Answer Stats
Number of immigrants Continent Country % Correct
1.311.803 North America United States of America
100%
22.604 North America Mexico
99%
141.222 Europe Spain
97%
17.850 North America Canada
96%
11.601 South America Venezuela
81%
8.400 Europe Germany
77%
21.418 Europe Italy
75%
5.451 South America Chile
71%
8.000 South America Uruguay
47%
5.791 North America Costa Rica
39%
No matching quizzes found
Score Distribution
Percent of People with Each Score
Percentile by Number Answered
Your Score History
You have not taken this quiz